| 000 | 01240nam a22002777a 4500 | ||
|---|---|---|---|
| 999 |
_c118358 _d118358 |
||
| 003 | dpl | ||
| 005 | 20190409132540.0 | ||
| 008 | 190409b ||||| |||| 00| 0 eng d | ||
| 010 | _aB-236299 | ||
| 020 |
_c200.00 _a81814353554 |
||
| 035 | _aB-236299, B-236303 | ||
| 037 | _bCen Lib/Ret | ||
| 040 |
_aDPL _bHN _c0 |
||
| 082 |
_a324.254083 _bयेचुरी |
||
| 100 |
_aयेचुरी, सीताराम _9116445 |
||
| 245 |
_aघृणा की राजनीती / _cसीताराम येचुरी |
||
| 246 |
_aGhrina ki rajneeti / _bby Seetaram Yechuri |
||
| 260 |
_a नयी दिल्ली _bवाणी प्रकाशन _c2006 |
||
| 270 |
_b नयी दिल्ली _a21-ए, दरियागंज _e110002 |
||
| 300 |
_a152पृ. _c20सेमी(सजिल्द) |
||
| 650 |
_aसाम्प्रदायिकता -- मार्क्सवाद -- धर्म _979695 |
||
| 650 |
_aराजनीती -- भाजपा _9116446 |
||
| 650 |
_aCommunalism - Marxism - Religion _979697 |
||
| 650 |
_aPolitics - BJP _979698 |
||
| 942 |
_2ddc _cHN _h324.254083 _mयेचुरी |
||